Riconosci l'Anno dagli eventi - Quiz n°6 - Statistics

Statistiche generali
  • Questo quiz è stato fatto 54 volte
  • Il punteggio medio è 7 su 8
Statistiche sulle risposte
Indizio Risposta % Corretto
C Dedizione di Verona a Venezia
100%
B La Repubblica di Venezia conquista Padova.
100%
D Papa Innocenzo VII perde consenso e credito ed è costretto alla fuga dalla città di Roma.
100%
A Ultima esperienza repubblicana, Comune, a Forlì.
100%
E Zheng He parte per la spedizione inaugurale della nuova flotta imperiale Ming, giungendo sulle coste dell'Africa orientale. Si tratta di una flotta di 208 navi con un equipaggio totale di circa 28000 persone, un dispiegamento di forze navali che verrà eguagliato solo cinque secoli dopo, nel corso della Prima Guerra Mondiale.
96%
F Germania – Compaiono le prime viti in metallo.
94%
G 17 giugno - Battaglia dello Stoss tra l'esercito del Ducato d'Austria e le forze di Appenzello.
91%
Anno 1405
21%
Nessun quiz corrispondente trovato
Distribuzione punteggi
Percentuale di utenti per punteggio
Percentile per numero di risposta
I tuoi punteggi nel tempo
Non hai fatto questo quiz